000 00789nam a2200181 i 4500
001 77849
003 ES-MaACL
005 20230906173415.0
007 t|
008 041111s1938 sp ||||1| spa d
080 _a355.41/.42
110 2 _aEspaña. Ejército de Tierra. Jefatura de Movilización, Instrucción y Recuperación.
_93798
245 1 0 _aDirectivas circunstanciales de normas y preceptos reglamentarios adaptados a las exigencias de la actual campaña, relativos a los Mandos de Batallón, que han de servir como orientación en los cursos correspondientes /
_cJefatura de Movilización, Instrucción y Recuperación.
260 _aBurgos :
_b[s.n.],
_c1938 (
_fAldecoa)
300 _a207 p. ;
_c17 cm.
650 1 4 _aTáctica.
_917277
852 _aES-MaACL
_jE-10333
_bR.133644
999 _c77849
_d77849